1135 1641 1999 1770 1213 1072 1670 1416 1171 1389 1413 1285 1527 1596 1145 1650 1097 1170 1884 1465 1701 1106 1438 1548 1909 1977 1137 1147 1073 1814 1622 1500 1755 1816 1611 1735 1819 1681 1365 1868 1166 1596 1105 1968 1487 1397 1244 1829 1567 1637 1925 1488 1213 1000 1399 1852 1712 1869 1191 1996 1617 1787 1289 1860 1258 1033 1869 1927 1691 1661 1796 1654 1961 1325 1358 1830 1713 1836 1231 1858 1193 1673 1412 1144 1527 1191 1318 1830 1368 1431 1476 1701 1877 1191 1233 1599 1940 1487 1872 BCNSPRNW ULIB Ver.6.0+V

เปลี่ยนเป็นภาษาไทย

Change to English
 แสดงรายละเอียดบรรณานุกรม
  กลับหน้าหลัก

Brief Record : Get Marc (ISO 2709) : E-mail record : QR code < ปิดหน้าต่าง
LEADER : 00000nas 2200000uu 4500
001    13399115084
003     ULIB
008    020711s|||| th a 000 0 tha d
022    ^a19061757
110    ^aวิทยาลัยการสาธารณสุขสิรินธร จังหวัดขอนแก่น
245    ^aวารสารวิทยาลัยการสาธารณสุขสิรินธร จังหวัดขอนแก่น/^cวิทยาลัยการสาธารณสุขสิรินธร จังหวัดขอนแก่น
260    ^aขอนแก่น :^bวิทยาลัยการสาธารณสุขสิรินธร จังหวัดขอนแก่น,^cม.ป.ป.
310    ^aรายสี่เดือน
850 ^a ULIB^bฉบับที่ 1 ปีที่ 4 ;ฉบับที่ 2 ปีที่ 4
945    ^p0^l0^i900521
945    ^p0^l0^i900744
999    ^aวรรณษา ชูชัยมงคล
รายการนี้ยังไม่มีแท็ก
คุณยังไม่ได้ล็อกอิน คุณสามารถมีกิจกรรมร่วมกับเว็บไซต์ได้ แต่ต้องล็อกอินก่อน ::
  ล็อกอิน

รายการสื่อสารสนเทศ (วารสาร)

ดูแบบ: กล่อง รายการ
ARRIVED
ฉบับที่ 1 ปีที่ 4
สถานที่: ห้องสมุดวิทยาเขตสวรรค์ประชารักษ์ >วารสาร
ARRIVED
ฉบับที่ 2 ปีที่ 4
สถานที่: ห้องสมุดวิทยาเขตสวรรค์ประชารักษ์ >หนังสือทั่วไป
รายการใกล้เคียง
    ผู้แต่ง []

BibComment


ยังไม่เคยถูกคอมเมนท์

คอมเมนท์ทรัพยากรรายการนี้
  คอมเมนท์: วารสารวิทยาลัยกา..


 Copyright 2026. Bcnsprnw @Library